IEDBarcelona

S'aixeca el teló : (Record no. 9666)

MARC details
000 -CABECERA
Campo de control de longitud fija 03892nam a22006254i 4500
001 - NÚMERO DE CONTROL
Campo de control 991061508924106706
003 - IDENTIFICADOR DEL NÚMERO DE CONTROL
Campo de control ES-BaCBU
005 - FECHA Y HORA DE LA ÚLTIMA TRANSACCIÓN
Campo de control 20260225155313.0
008 - CÓDIGOS DE INFORMACIÓN DE LONGITUD FIJA
Campo de control de longitud fija 251023s2025 spca o000 0 cat c
017 ## - NÚMERO DE COPYRIGHT O DE DEPÓSITO LEGAL
Número de copyright o de depósito legal DL B 13355-2025
Agencia que asigna el número Biblioteca de Catalunya
020 ## - NÚMERO INTERNACIONAL NORMALIZADO PARA LIBROS (ISBN)
Número Internacional Normalizado para Libros (ISBN) 9788412215557
040 ## - FUENTE DE LA CATALOGACIÓN
Centro catalogador de origen ES-BaMAA
Lengua de catalogación cat
Normas de descripción rda
Centro transcriptor ES-BaIED
Centro modificador ES-BaUB
041 0# - CÓDIGO DE LENGUA
Código de lengua del texto/banda sonora o título independiente cat
-- spa
Código de lengua del sumario o resumen eng
043 ## - CÓDIGO DE ÁREA GEOGRÁFICA
Geographic area code e-sp---
080 ## - NÚMERO DE LA CLASIFICACIÓN DECIMAL UNIVERSAL
Número de la Clasificación Decimal Universal 749
245 00 - MENCIÓN DE TÍTULO
Título S'aixeca el teló :
Resto del título el moble en les arts escèniques = Se abre el telón : el mueble en las artes escénicas /
Mención de responsabilidad etc. direcció: Núria Gil Farré, Nuria Ruiz Comin ; coordinació: Silvia Mateos Olivera
246 31 - VARIANTES DE TÍTULO
Título propio / Titulo en breve Se abre el telón :
Resto de título el mueble en las artes escénicas
264 #1 - PRODUCTION, PUBLICATION, DISTRIBUTION, MANUFACTURE, AND COPYRIGHT NOTICE
Lugar de producción publicación distribución fabricación Barcelona :
Nombre del de productor editor distribuidor fabricante Associació per a l'Estudi del Moble :
-- Ajuntament de Barcelona. Institut de Cultura :
-- Disseny Hub Barcelona,
Fecha de de producción publicación distribución fabricación o copyright 2025
300 ## - DESCRIPCIÓN FÍSICA
Extensión 146 pàgines :
Otras características físicas il·lustracions (algunes en color) ;
Dimensiones 30 cm
336 ## - TIPO DE CONTENIDO
Término de tipo de contenido text
Código de tipo de contenido txt
Fuente rdacontent
337 ## - TIPO DE MEDIO
Nombre del tipo de medio sense mediació
Código del tipo de medio n
Fuente rdamedia
338 ## - TIPO DE SOPORTE
Nombre del tipo de soporte volum
Código del tipo de soporte nc
Fuente rdacarrier
504 ## - NOTA DE BIBLIOGRAFÍA; ETC.
Nota de bibliografía etc. Inclou referències bibliogràfiques
505 8# - NOTA DE CONTENIDO CON FORMATO
Nota de contenido con formato Conté:
Título Presentació = Presentación /
Mención de responsabilidad Mónica Piera Miquel --
Título Pròleg = Prólogo /
Mención de responsabilidad Nuria Ruiz Comin --
Título "Mobilis". Allò que es mou /
Mención de responsabilidad Max Glaenzel --
Título Teatre de sala i alcova a la Barcelona del segle XVIII /
Mención de responsabilidad Nuria Ruiz Comin --
Título Mobiliario y atrezo en la escenografía realista: el caso de Oleguer Junyent /
Mención de responsabilidad Clara Beltrán Catalán --
Título Escenografia barroca. Teatre i arquitectures efímeres /
Mención de responsabilidad Joan Ramon Triadó --
Título El teatre d'estiueig de la família Garí a la Torre del Cros (Argentona) /
Mención de responsabilidad Mónica Piera Miquel --
Título El teatre a les Llars Ana Gironella de Mundet /
Mención de responsabilidad Núria Gil Farré --
Título Mobles trencats: "El casament", de Bertolt Brecht /
Mención de responsabilidad Enric Ciurans --
Título El cadirat de cor en l'arquitectura religiosa. Graderia, escenari i prosceni de la litúrgia dramatitzada /
Mención de responsabilidad Eduardo Carrero Santamaría --
Título Protagonisme del moble en l'escena contemporània. Alguns exemples /
Mención de responsabilidad Mercè Saumell --
Título I a la didascàlia hi diu: "Seu" /
Mención de responsabilidad Elisabet Castells i Negre --
Título Teatre de butxaca. Rehabilitació i construcció de teatres en espais de dimensions reduïdes /
Mención de responsabilidad Francesc Guàrdia Riera --
Título Recuperació de la Sala Odèon de Girona. Restauració de les pintures murals /
Mención de responsabilidad Joan Güell Solà --
Título S'aixeca l'Studium /
Mención de responsabilidad Antoni Ramon Graells
546 ## - NOTA DE LENGUA
Nota de lengua Text en català, presentació i pròleg en català i castellà, un capítol en castellà i resums en català o castellà i anglès
600 14 - PUNTO DE ACCESO ADICIONAL DE MATERIA - NOMBRE DE PERSONA
Nombre de persona Junyent, Oleguer,
Fechas asociadas al nombre 1876-1956
600 17 - PUNTO DE ACCESO ADICIONAL DE MATERIA - NOMBRE DE PERSONA
Nombre de persona Junyent, Oleguer,
Fechas asociadas al nombre 1876-1956
Fuente del encabezamiento o término [600] cantic
610 24 - PUNTO DE ACCESO ADICIONAL DE MATERIA - NOMBRE DE ENTIDAD CORPORATIVA
Nombre de entidad corporativa o nombre de jurisdicción como elemento inicial Teatre de les Llars Mundet
610 24 - PUNTO DE ACCESO ADICIONAL DE MATERIA - NOMBRE DE ENTIDAD CORPORATIVA
Nombre de entidad corporativa o nombre de jurisdicción como elemento inicial Sala Odèon
Subdivisión geográfica Girona
610 27 - PUNTO DE ACCESO ADICIONAL DE MATERIA - NOMBRE DE ENTIDAD CORPORATIVA
Nombre de entidad corporativa o nombre de jurisdicción como elemento inicial Teatre de les Llars Mundet
610 27 - PUNTO DE ACCESO ADICIONAL DE MATERIA - NOMBRE DE ENTIDAD CORPORATIVA
Nombre de entidad corporativa o nombre de jurisdicción como elemento inicial Sala Odèon
650 #4 - PUNTO DE ACCESO ADICIONAL DE MATERIA - TÉRMINO DE MATERIA
Término de materia o nombre geográfico como elemento inicial Attrezzo
650 #7 - PUNTO DE ACCESO ADICIONAL DE MATERIA - TÉRMINO DE MATERIA
Término de materia o nombre geográfico como elemento inicial Construccions provisionals
Fuente del encabezamiento o término lemac
Subdivisión cronológica S. XVII
9 (RLIN) 4913
650 #7 - PUNTO DE ACCESO ADICIONAL DE MATERIA - TÉRMINO DE MATERIA
Término de materia o nombre geográfico como elemento inicial Construccions provisionals
Fuente del encabezamiento o término lemac
Subdivisión cronológica S. XVIII
9 (RLIN) 4913
650 #4 - PUNTO DE ACCESO ADICIONAL DE MATERIA - TÉRMINO DE MATERIA
Término de materia o nombre geográfico como elemento inicial Didascàlia
650 #4 - PUNTO DE ACCESO ADICIONAL DE MATERIA - TÉRMINO DE MATERIA
Término de materia o nombre geográfico como elemento inicial Escenografia
Subdivisión cronológica S. XVII
650 #4 - PUNTO DE ACCESO ADICIONAL DE MATERIA - TÉRMINO DE MATERIA
Término de materia o nombre geográfico como elemento inicial Escenografia
Subdivisión cronológica S. XVIII
650 #4 - PUNTO DE ACCESO ADICIONAL DE MATERIA - TÉRMINO DE MATERIA
Término de materia o nombre geográfico como elemento inicial Festes
Subdivisión cronológica S. XVII
650 #4 - PUNTO DE ACCESO ADICIONAL DE MATERIA - TÉRMINO DE MATERIA
Término de materia o nombre geográfico como elemento inicial Festes
Subdivisión cronológica S. XVIII
650 #7 - PUNTO DE ACCESO ADICIONAL DE MATERIA - TÉRMINO DE MATERIA
Término de materia o nombre geográfico como elemento inicial Mobles
Fuente del encabezamiento o término lemac
Subdivisión geográfica Espanya
Subdivisión de materia general Història
9 (RLIN) 4351
650 #7 - PUNTO DE ACCESO ADICIONAL DE MATERIA - TÉRMINO DE MATERIA
Término de materia o nombre geográfico como elemento inicial Pintors
Fuente del encabezamiento o término lemac
Subdivisión geográfica Catalunya
Subdivisión cronológica S. XX
9 (RLIN) 3277
650 #4 - PUNTO DE ACCESO ADICIONAL DE MATERIA - TÉRMINO DE MATERIA
Término de materia o nombre geográfico como elemento inicial Teatres de petit format
Subdivisión de materia general Conservació i restauració
650 #0 - PUNTO DE ACCESO ADICIONAL DE MATERIA - TÉRMINO DE MATERIA
Término de materia o nombre geográfico como elemento inicial Teatre
Subdivisión geográfica Mobles, equip, etc.
Fuente del encabezamiento o término lemac
9 (RLIN) 287
650 #7 - PUNTO DE ACCESO ADICIONAL DE MATERIA - TÉRMINO DE MATERIA
Término de materia o nombre geográfico como elemento inicial Teatres
Subdivisión de materia general Escenografia i decorats
Fuente del encabezamiento o término lemac
9 (RLIN) 4471
650 #7 - PUNTO DE ACCESO ADICIONAL DE MATERIA - TÉRMINO DE MATERIA
Término de materia o nombre geográfico como elemento inicial Teatres
Fuente del encabezamiento o término lemac
Subdivisión geográfica Catalunya
-- Barcelona
Subdivisión cronológica S. XVIII
9 (RLIN) 4460
700 1# - PUNTO DE ACCESO ADICIONAL - NOMBRE DE PERSONA
Nombre de persona Gil Farré, Núria,
Término indicativo de función editor literari
700 1# - PUNTO DE ACCESO ADICIONAL - NOMBRE DE PERSONA
Nombre de persona Ruiz Comin, Nuria,
Término indicativo de función editor literari
700 1# - PUNTO DE ACCESO ADICIONAL - NOMBRE DE PERSONA
Nombre de persona Mateos Olivera, Sílvia,
Término indicativo de función editor literari
710 2# - PUNTO DE ACCESO ADICIONAL - NOMBRE DE ENTIDAD
Nombre de entidad o nombre de jurisdicción como elemento inicial Associació per a l'Estudi del Moble,
Término indicativo de función entitat editora
710 2# - PUNTO DE ACCESO ADICIONAL - NOMBRE DE ENTIDAD
Nombre de entidad o nombre de jurisdicción como elemento inicial Barcelona (Catalunya).
Unidad subordinada Ajuntament,
Término indicativo de función entitat editora
710 2# - PUNTO DE ACCESO ADICIONAL - NOMBRE DE ENTIDAD
Nombre de entidad o nombre de jurisdicción como elemento inicial Disseny Hub Barcelona,
Término indicativo de función entitat editora
908 ## - PUT COMMAND PARAMETER (RLIN)
Put command parameter DHUB
-- CDMAE
-- UPC
-- MNAC
-- UB
-- ELISAVA
-- UB
-- LCI
-- IED
940 ## - EQUIVALENCE OR CROSS-REFERENCE--UNIFORM TITLE [OBSOLETE] [CAN/MARC ONLY]
Uniform title <a href="DHUB">DHUB</a>
942 ## - ENTRADA PARA ELEMENTOS AGREGADOS (KOHA)
Fuente de clasificación o esquema de ordenación en estanterías Universal Decimal Classification
Koha [por defecto] tipo de item Llibre
Holdings
Suprimido Estado de pérdida Fuente de clasificación o esquema de ordenación en estanterías Estropeado No para préstamo Localización permanente Localización actual Localización en estanterías Fecha de adquisición Préstamos totales Signatura completa Código de barras Fecha última consulta Fecha del precio de reemplazo Tipo de item de Koha
    Universal Decimal Classification     IED Barcelona IED Barcelona Sala General / Producte i Industrial 18/12/2025   P3.057.92 Sai 2026-0036 25/02/2026 25/02/2026 Llibre

Powered by Koha